000 00683nam a2200241 a 4500
001 0001-1147
003 ELIB.Books
008 150505 2010 eng
020 _a00000000000
035 _a(ELIB.Books)0001-1302
092 _a266.001
_bKra
100 _aKraft, Charles H.
245 _aAnthropology for Christian Witness
_bVolume 1, Section 1,2,3 Volume 2, Section IV, V, VI
260 _aPasadena
_bFuller Theological Seminary
_c1994
300 _a477
_c25 Cm
500 _alibrary
650 _aMission
856 _nKBTS: Library
_uKBTS: Elib
942 _2ddc
_cBK
990 _a5
998 _cbat
_e2015-05-05
_mcat
_u2019-06-25
999 _c11147
_d11147